[Event "GER-ch53 V05 email"]
[Site "GER email"]
[Date "2021.04.21"]
[Round "?"]
[White "Fischer, Jens"]
[Black "Lelgemann, Ludwig"]
[Result "1-0"]
[WhiteElo "1876"]
[BlackElo "2010"]
[PlyCount "129"]
[EventDate "2021.04.21"]
[EventType "tourn (corr)"]
[EventRounds "10"]
[EventCountry "GER"]
[SourceTitle "Corr 2024"]
[Source "ChessBase"]
[SourceDate "2023.10.19"]
[SourceVersion "1"]
[SourceVersionDate "2023.10.19"]
[SourceQuality "1"]

1. e4 e5 2. Nf3 Nc6 3. Bb5 a6 4. Ba4 Nf6 5. 0-0 b5 6. Bb3 Be7 7. Re1 d6 8. c3 0-0 9. h3 Na5 10. Bc2 c5 11. d4 Nd7 12. d5 Nb6 13. Nbd2 Qc7 14. Nf1 Nb7 15. b3 c4 16. b4 Bd7 17. Ng3 a5 18. Nf5 Bf6 19. Nh2 axb4 20. cxb4 Kh8 21. Be3 Na4 22. Qh5 Qd8 23. Ng4 Be7 24. f4 f6 25. Nxe7 Qxe7 26. f5 Nd8 27. Bd2 Nb6 28. a3 Rg8 29. Ra2 Nf7 30. Qh4 Na4 31. Re3 Nb6 32. Rg3 Ng5 33. Kh2 Be8 34. Ra1 Nf7 35. Nf2 Ra6 36. Rf1 Qa7 37. Bc1 Qe7 38. Qg4 Qf8 39. Nd1 Qe7 40. Nc3 Na8 41. Bd1 Nb6 42. Qh4 Qb7 43. Bh5 Nd7 44. Bg6 Nf8 45. Qh5 Ra7 46. Rff3 Qe7 47. Rg4 Nxg6 48. fxg6 Nh6 49. Bxh6 Bxg6 50. Rxg6 hxg6 51. Qxg6 Qf7 52. Qxf7 Rxf7 53. Bc1 Rb8 54. h4 g6 55. g3 Kg7 56. Kh3 Rfb7 57. Rf1 Rh8 58. Kg2 Rb6 59. a4 bxa4 60. b5 Ra8 61. Ba3 Kf7 62. Rb1 Rb7 63. Rb4 Rc7 64. b6 Rb7 65. Rxa4 1-0

[Event "GER-ch53 V05 email"]
[Site "GER email"]
[Date "2021.04.21"]
[Round "?"]
[White "Ott, Peter"]
[Black "Lelgemann, Ludwig"]
[Result "1/2-1/2"]
[WhiteElo "1986"]
[BlackElo "2010"]
[PlyCount "29"]
[EventDate "2021.04.21"]
[EventType "tourn (corr)"]
[EventRounds "10"]
[EventCountry "GER"]
[SourceTitle "Corr 2024"]
[Source "ChessBase"]
[SourceDate "2023.10.19"]
[SourceVersion "1"]
[SourceVersionDate "2023.10.19"]
[SourceQuality "1"]

1. c4 e5 2. Nf3 e4 3. Nd4 Nc6 4. e3 Nf6 5. Nc3 Bb4 6. Qb3 Nxd4 7. exd4 Ba5 8. Be2 0-0 9. 0-0 c6 10. d3 exd3 11. Bxd3 d5 12. cxd5 Nxd5 13. Nxd5 Qxd5 14. Qxd5 cxd5 15. h3 1/2-1/2

[Event "GER-ch49 V05 email"]
[Site "GER email"]
[Date "2017.04.03"]
[Round "?"]
[White "Fabig, Holger"]
[Black "Lelgemann, Ludwig"]
[Result "1/2-1/2"]
[WhiteElo "2305"]
[BlackElo "2180"]
[PlyCount "55"]
[EventDate "2017.??.??"]
[EventType "tourn (corr)"]
[EventRounds "10"]
[EventCountry "GER"]
[SourceTitle "Corr 2020"]
[Source "ChessBase"]
[SourceDate "2019.09.30"]
[SourceVersion "1"]
[SourceVersionDate "2019.09.30"]
[SourceQuality "1"]

1. e4 e5 2. d4 exd4 3. Nf3 Nc6 4. c3 dxc3 5. Nxc3 Bb4 6. Bc4 Nf6 7. e5 d5 8. exf6 dxc4 9. Qxd8+ Nxd8 10. fxg7 Rg8 11. Bh6 f6 12. 0-0-0 Bxc3 13. bxc3 Ne6 14. Rhe1 Kf7 15. Re4 b5 16. Rd5 Nxg7 17. Be3 c6 18. Rd6 Ne8 19. Rd8 Nc7 20. Rxg8 Kxg8 21. Nd4 Kf7 22. Nxc6 Nd5 23. Rd4 Be6 24. Bd2 a6 25. a3 Rg8 26. g3 Ra8 27. Rh4 Kg6 28. Nb4 1/2-1/2

[Event "GER-ch49 V05 email"]
[Site "GER email"]
[Date "2017.04.03"]
[Round "?"]
[White "Lelgemann, Ludwig"]
[Black "Stolz, Stephan"]
[Result "1/2-1/2"]
[WhiteElo "2180"]
[BlackElo "2307"]
[PlyCount "82"]
[EventDate "2017.??.??"]
[EventType "tourn (corr)"]
[EventRounds "10"]
[EventCountry "GER"]
[SourceTitle "Corr 2020"]
[Source "ChessBase"]
[SourceDate "2019.09.30"]
[SourceVersion "1"]
[SourceVersionDate "2019.09.30"]
[SourceQuality "1"]

1. d4 d5 2. c4 e6 3. Nc3 Be7 4. Nf3 Nf6 5. Bf4 0-0 6. e3 b6 7. Rc1 Bb7 8. cxd5 Nxd5 9. Nxd5 Qxd5 10. a3 Qa5+ 11. Nd2 c5 12. Rc3 Ba6 13. Nc4 Bxc4 14. Bxc4 b5 15. Be2 Nd7 16. 0-0 c4 17. a4 a6 18. Bf3 Ra7 19. Rc1 Qb4 20. Qc2 Bd6 21. Bxd6 Qxd6 22. Ra1 Rc7 23. axb5 axb5 24. Ra5 Rb8 25. Rfa1 g6 26. g3 Nf6 27. Ra6 Qd8 28. Kg2 Kg7 29. h4 h5 30. R1a5 Qc8 31. Ra7 Rxa7 32. Rxa7 b4 33. Ra5 c3 34. bxc3 b3 35. Qb2 Nd5 36. Bxd5 exd5 37. Ra3 Qc4 38. Kh2 Qf1 39. Rxb3 Rxb3 40. Qxb3 Qxf2+ 41. Kh3 Qf1+ 1/2-1/2

[Event "GER-ch49 V05 email"]
[Site "GER email"]
[Date "2017.04.03"]
[Round "?"]
[White "Maetzig, Ralf"]
[Black "Lelgemann, Ludwig"]
[Result "1-0"]
[WhiteElo "2088"]
[BlackElo "2180"]
[PlyCount "137"]
[EventDate "2017.??.??"]
[EventType "tourn (corr)"]
[EventRounds "10"]
[EventCountry "GER"]
[SourceTitle "Corr 2020"]
[Source "ChessBase"]
[SourceDate "2019.09.30"]
[SourceVersion "1"]
[SourceVersionDate "2019.09.30"]
[SourceQuality "1"]

1. d4 d5 2. c4 e6 3. Nc3 Nf6 4. cxd5 exd5 5. Bg5 c6 6. e3 h6 7. Bh4 Bf5 8. Qf3 Bg6 9. Bxf6 Qxf6 10. Qxf6 gxf6 11. Nf3 Nd7 12. Be2 Nb6 13. 0-0 Rg8 14. g3 0-0-0 15. a3 Kb8 16. Nh4 Bh7 17. b3 Bc2 18. b4 Bh7 19. Rfc1 Nc4 20. Ra2 Bd6 21. Na4 Kc7 22. Nb2 Nxb2 23. Rxb2 a6 24. Rb3 Kd7 25. Bf1 Ke6 26. Bh3+ f5 27. a4 Kf6 28. Bg2 Rc8 29. Ra1 Ra8 30. Bf1 Rge8 31. Bd3 Bg6 32. Kf1 Rg8 33. Be2 f4 34. exf4 Be4 35. Nf3 h5 36. Rc1 Rge8 37. Ne5 h4 38. g4 Bh7 39. Bf3 Kg7 40. f5 f6 41. Nd3 Bg8 42. Nc5 Re7 43. h3 Bf7 44. a5 Rae8 45. Rb2 Kh6 46. Re2 Rxe2 47. Bxe2 Re7 48. Bd3 Kg5 49. Rb1 Kf4 50. Rb3 Bg8 51. Bc2 Bf7 52. Kg2 Kg5 53. Re3 Rc7 54. Ba4 Bf4 55. Re2 Bd6 56. Kf3 Bf4 57. Bd1 Bd6 58. Bc2 Bf4 59. Nd3 Bd6 60. Re3 Rc8 61. Ke2 Rc7 62. Kd2 Bf4 63. Nxf4 Kxf4 64. Bd3 Kg5 65. Re1 Rd7 66. Rf1 Kf4 67. Rg1 Kg5 68. f4+ Kxf4 69. g5 1-0